<?xml version="1.0" encoding="UTF-8"?>
<record
    xmlns:xsi="http://www.w3.org/2001/XMLSchema-instance"
    xsi:schemaLocation="http://www.loc.gov/MARC21/slim http://www.loc.gov/standards/marcxml/schema/MARC21slim.xsd"
    xmlns="http://www.loc.gov/MARC21/slim">

  <leader>01468nam a22002297a 4500</leader>
  <controlfield tag="001">6349</controlfield>
  <controlfield tag="003">FISKH</controlfield>
  <controlfield tag="005">20250423111321.0</controlfield>
  <controlfield tag="008">250423b        cb ||||| |||| 00| 0 eng d</controlfield>
  <datafield tag="020" ind1=" " ind2=" ">
    <subfield code="a">9789812373113</subfield>
  </datafield>
  <datafield tag="040" ind1=" " ind2=" ">
    <subfield code="a">FISKH</subfield>
    <subfield code="b">eng</subfield>
    <subfield code="c">FISKH</subfield>
    <subfield code="d">FISKH</subfield>
  </datafield>
  <datafield tag="050" ind1=" " ind2=" ">
    <subfield code="a">QA40.5</subfield>
  </datafield>
  <datafield tag="082" ind1=" " ind2=" ">
    <subfield code="a">510.712</subfield>
  </datafield>
  <datafield tag="100" ind1=" " ind2=" ">
    <subfield code="a">Seng, Teh Keng</subfield>
  </datafield>
  <datafield tag="245" ind1=" " ind2=" ">
    <subfield code="a">New Mathematics /</subfield>
    <subfield code="c">Consultant : Dr. Yeap Ban Har ; Author Teh Keng Seng BSc, Dip Ed ; Loh Cheng Yee BSc, Dip Ed</subfield>
  </datafield>
  <datafield tag="260" ind1=" " ind2=" ">
    <subfield code="a">Hill View : </subfield>
    <subfield code="b">Singlee Publisher, </subfield>
    <subfield code="c">2007. </subfield>
  </datafield>
  <datafield tag="300" ind1=" " ind2=" ">
    <subfield code="a">420 pages : </subfield>
    <subfield code="b">color illustrations ; </subfield>
    <subfield code="c">26 cm </subfield>
  </datafield>
  <datafield tag="520" ind1=" " ind2=" ">
    <subfield code="a">New Syllabus Mathematics is specially written for secondary students with the ultimate aim for the GCE O Level examination. Exploration activities to promote applications in inter-disciplinary and real life. Real-life photos at the chapter beginning to provide a thought-provoking introduction. Graded exercises and challenging problem to cater to different learning abilities. Real-life situations to demonstrate the relevance of mathematics to everyday life. Revision exercises to recapitulate previously covered mathematical concepts. Thinking Time to provide opportunities for creative and individual thinking. Awareness of problem-solving strategies is systematically enhanced. Self-assessment to incite active learning and independent thinking Student&#x2019;s Books, Workbooks and Teacher&#x2019;s Resources.</subfield>
  </datafield>
  <datafield tag="650" ind1=" " ind2=" ">
    <subfield code="a">Math </subfield>
    <subfield code="v">Textbook </subfield>
  </datafield>
  <datafield tag="942" ind1=" " ind2=" ">
    <subfield code="2">ddc</subfield>
    <subfield code="c">BK</subfield>
    <subfield code="n">0</subfield>
  </datafield>
  <datafield tag="999" ind1=" " ind2=" ">
    <subfield code="c">6349</subfield>
    <subfield code="d">6349</subfield>
  </datafield>
  <datafield tag="952" ind1=" " ind2=" ">
    <subfield code="0">0</subfield>
    <subfield code="1">0</subfield>
    <subfield code="2">ddc</subfield>
    <subfield code="4">0</subfield>
    <subfield code="7">0</subfield>
    <subfield code="8">NFIC</subfield>
    <subfield code="a">001</subfield>
    <subfield code="b">001</subfield>
    <subfield code="c">ATKSNF</subfield>
    <subfield code="d">2025-04-23</subfield>
    <subfield code="l">0</subfield>
    <subfield code="o">SEN 510.712 QA40.5 </subfield>
    <subfield code="p">2025-1090</subfield>
    <subfield code="r">2025-04-23 11:13:18</subfield>
    <subfield code="t">1</subfield>
    <subfield code="w">2025-04-23</subfield>
    <subfield code="y">BK</subfield>
  </datafield>
</record>
